American Scientist. (Record no. 8369)
[ view plain ]
| 000 -LEADER | |
|---|---|
| fixed length control field | 00455nas a22001933 4500 |
| 001 - CONTROL NUMBER | |
| JCCL Control Number | 8369 |
| 003 - CONTROL NUMBER IDENTIFIER | |
| JCCL marc code | BD-JhCC |
| 005 - DATE AND TIME OF LATEST TRANSACTION | |
| control field | 20180925082656.0 |
| 008 - FIXED-LENGTH DATA ELEMENTS--GENERAL INFORMATION | |
| fixed length control field | 900328u xx u 0 0 0und |
| 035 ## - SYSTEM CONTROL NUMBER | |
| system control number | (BD-JhCC)8369 |
| 040 ## - CATALOGING SOURCE | |
| Original cataloging agency | BD-JhCC |
| Modifying agency | BD-JhCC |
| 041 ## - LANGUAGE CODE | |
| Language code of Book | eng |
| 082 ## - DEWEY DECIMAL CLASSIFICATION NUMBER | |
| Author mark and Year | AME 1967 |
| Classification number | 070 |
| 245 00 - TITLE STATEMENT | |
| Title | American Scientist. |
| 300 ## - PHYSICAL DESCRIPTION | |
| Pagination | 552 p. : |
| Other physical details | ills; |
| Dimensions | 21 cm. |
| 650 ## - SUBJECT ADDED ENTRY--TOPICAL TERM | |
| Topical term or geographic name as entry element | Journal |
| 942 ## - ADDED ENTRY ELEMENTS (KOHA) | |
| Source of classification or shelving scheme | Dewey Decimal Classification |
| Koha item type | Books |
| Source of classification or shelving scheme | Damaged status | Not for loan | Home library | Current library | Shelving location | Total Checkouts | Full call number | Barcode | Date last seen | Copy number | Koha item type |
|---|---|---|---|---|---|---|---|---|---|---|---|
| Dewey Decimal Classification | JCC Rouf Library | JCC Rouf Library | General Stacks | 070 AME 1967 | 10792 | 02/22/2018 | C - 1 | Books |